Statistics for Inventions by Letter

Click here to take the quiz!

General Stats

  • This quiz has been taken 46 times
  • The average score is 9 of 26

Answer Stats

LetterInventorInvention% Correct
AThe Wright BrothersAirplane
95%
TAlexander Graham BellTelephone
90%
FMark ZuckerbergFacebook
87%
DAlfred NobelDynamite
79%
RGuglielmo MarconiRadio
74%
XWilhelm Conrad RöntgenX-ray
62%
EBenjamin FranklinElectricity
59%
BAlessandro VoltaBattery
44%
HMontgolfier brothersHot Air Balloon
44%
PCai LunPaper
41%
GBenjamin FranklinGlasses
31%
KLinus Yale, JrKey
21%
NJames NaismithNetball
18%
ZWhitcomb L. JudsonZipper
18%
IRobert E. KahnInternet
15%
MZacharias JanssenMicroscope
15%
JFrank WhittleJet Engine
13%
QDenso WaveQR Code
10%
VHubert Cecil BoothVacuum Cleaner
10%
CNicéphore NiépceCamera
8%
OWilliam HadawayOven
8%
UAjay BhattUSB
8%
SJosef MaderspergerSewing Machine
5%
LEdwin Beard BuddingLawn Mower
3%
WBette Nesmith GrahamWhite Out
3%
YPedro FloresYo-Yo
3%

Score Distribution

Percentile by Number Answered

Percent of People with Each Score

Your Score History

You have not taken this quiz